Estates Review (Record no. 119000)

MARC details
000 -LEADER
fixed length control field 00550cas a22001935a 4500
001 - CONTROL NUMBER
control field L138599
008 - FIXED-LENGTH DATA ELEMENTS--GENERAL INFORMATION
fixed length control field 070625d19251937xxkmr p 0 a0eng u
035 ## - SYSTEM CONTROL NUMBER
System control number (Sirsi) u138599
041 0# - LANGUAGE CODE
Language code of text/sound track or separate title eng
110 2# - MAIN ENTRY--CORPORATE NAME
Corporate name or jurisdiction name as entry element National Association of Auctioneers, House Agents, Rating Surveyors and Valuers
9 (RLIN) 4989
245 00 - TITLE STATEMENT
Title Estates Review
260 ## - PUBLICATION, DISTRIBUTION, ETC.
Place of publication, distribution, etc. London
Name of publisher, distributor, etc. NAA
Date of publication, distribution, etc. 1925-1937
362 0# - DATES OF PUBLICATION AND/OR SEQUENTIAL DESIGNATION
Dates of publication and/or sequential designation 1(2) July 1925-12(6) June 1936
520 ## - SUMMARY, ETC.
Summary, etc. Incomplete holdings.
554 ## -
-- 12 per year
651 #4 - SUBJECT ADDED ENTRY--GEOGRAPHIC NAME
Geographic name England and Wales
Chronological subdivision 1543-
690 ## - LOCAL SUBJECT ADDED ENTRY--TOPICAL TERM (OCLC, RLIN)
Topical term or geographic name as entry element PROPERTY
942 ## - ADDED ENTRY ELEMENTS (KOHA)
Suppress in OPAC 0
Holdings
Withdrawn status Lost status Source of classification or shelving scheme Damaged status Not for loan Home library Current library Shelving location Date acquired Total Checkouts Full call number Barcode Date last seen Price effective from Koha item type
    Dewey Decimal Classification     London London Basement 25/06/2007   ESTATES REVIEW 138599-1001 06/08/2019 06/08/2019 Journal